<?xml version="1.0" encoding="UTF-8"?>
<record
    xmlns:xsi="http://www.w3.org/2001/XMLSchema-instance"
    xsi:schemaLocation="http://www.loc.gov/MARC21/slim http://www.loc.gov/standards/marcxml/schema/MARC21slim.xsd"
    xmlns="http://www.loc.gov/MARC21/slim">

  <leader>02392nam a22002537a 4500</leader>
  <datafield tag="999" ind1=" " ind2=" ">
    <subfield code="c">43174</subfield>
    <subfield code="d">43174</subfield>
  </datafield>
  <controlfield tag="003">BI-BuBU</controlfield>
  <controlfield tag="008">200917b2   B          fr|||| 00| 0 fre d</controlfield>
  <datafield tag="037" ind1=" " ind2=" ">
    <subfield code="b">Don</subfield>
  </datafield>
  <datafield tag="039" ind1=" " ind2=" ">
    <subfield code="a">20200917105240.0</subfield>
    <subfield code="b">Fulgence Hakizimana</subfield>
  </datafield>
  <datafield tag="040" ind1=" " ind2=" ">
    <subfield code="a">BI-BuBU</subfield>
    <subfield code="b">fre</subfield>
    <subfield code="c">BI-BuBU</subfield>
    <subfield code="d">BI-BuBU</subfield>
  </datafield>
  <datafield tag="080" ind1=" " ind2=" ">
    <subfield code="a">551.482.215.3  .</subfield>
  </datafield>
  <datafield tag="100" ind1="1" ind2=" ">
    <subfield code="4">aut.</subfield>
    <subfield code="a">Manirakiza, F&#xE9;lix</subfield>
  </datafield>
  <datafield tag="245" ind1="1" ind2="0">
    <subfield code="a">Modelisation de la structure de dependance hauteur-dur&#xE9;e des &#xE9;v&#xE9;nements pluvieux &#xE0; l'aide des copules aux valeurs extremes.</subfield>
    <subfield code="c">F&#xE9;lix Manirakiza ; Mpunikiye L&#xE9;once, directeur</subfield>
  </datafield>
  <datafield tag="260" ind1=" " ind2=" ">
    <subfield code="a">Bujumbura</subfield>
    <subfield code="b">Universit&#xE9; du Burundi, Institut de P&#xE9;dagogie Appliqu&#xE9;e, D&#xE9;partement de Physique-Technologie</subfield>
    <subfield code="c">2018.</subfield>
  </datafield>
  <datafield tag="300" ind1=" " ind2=" ">
    <subfield code="a">VII-50f.</subfield>
    <subfield code="c">30 Cm</subfield>
  </datafield>
  <datafield tag="500" ind1=" " ind2=" ">
    <subfield code="a">M&#xE9;moire pr&#xE9;sent&#xE9; et d&#xE9;fendu publiquement en vue de l'obtention du grade de Licenci&#xE9; en P&#xE9;dagogie Appliqu&#xE9;e, Agr&#xE9;g&#xE9; de l'Enseignement Secondaire en Physique.</subfield>
  </datafield>
  <datafield tag="520" ind1=" " ind2=" ">
    <subfield code="a">R&#xC9;SUME,

Le pr&#xE9;sent travail est le r&#xE9;sultat issu d'une r&#xE9;flexion sur la mod&#xE9;lisation de la structure de d&#xE9;pendance hauteur-dur&#xE9;e des &#xE9;v&#xE9;nements pluvieux sui peuvent engendrer certains sites de Bujumbura. 

N&#xE9;anmoins la notion des copules aux valeurs extr&#xEA;mes a &#xE9;t&#xE9; pr&#xE9;alablement utilis&#xE9;e pour d&#xE9;velopper cette structure. L'accent particulier est mis sur leurs applications dans la mod&#xE9;lisation de la structure de d&#xE9;pendance. De ce fait, la notion de copule de Gumbel est une bonne application hydrologique des copules. En effet, l'objet de notre recherche est la mise en &#xE9;vidence de structure de d&#xE9;pendance de deux variables: la hauteur (ou le volume ) dr la pluie et sa dur&#xE9;e. Cette d&#xE9;pendance est montr&#xE9;e par Chi-plot et Kendall plot ou K-plot. Cela est alors mesur&#xE9; gr&#xE2;ce &#xE0; des coefficients de corr&#xE9;lation de rang: le taux de Kendall et le rho de Spearman ainsi que la distribution conjointe du couple hauteur de pluie et la dur&#xE9;e.

Enfin, le pr&#xE9;sent travail va nous donner une id&#xE9;e sur la mani&#xE8;re dont nous pouvons utiliser cette m&#xE9;thode pour mod&#xE9;liser la d&#xE9;pendance entre les hauteurs et les dur&#xE9;es des &#xE9;v&#xE9;nements pluvieux li&#xE9;es aux inondations dans certains sites de Bujumbura comme Buterere, Carama, Gatunguru,...</subfield>
  </datafield>
  <datafield tag="650" ind1=" " ind2="7">
    <subfield code="2">BI-BuBU</subfield>
    <subfield code="a">Pluie</subfield>
    <subfield code="x">Inondation</subfield>
  </datafield>
  <datafield tag="655" ind1=" " ind2="7">
    <subfield code="2">BI-BuBU</subfield>
    <subfield code="a">M&#xE9;moire</subfield>
  </datafield>
  <datafield tag="700" ind1="1" ind2=" ">
    <subfield code="4">dir.</subfield>
    <subfield code="a">Mpunikiye, F&#xE9;lix</subfield>
  </datafield>
  <datafield tag="710" ind1=" " ind2=" ">
    <subfield code="4">aut.</subfield>
    <subfield code="a">Univrsit&#xE9; du Burundi</subfield>
    <subfield code="b">Institut de P&#xE9;dagogie Appliqu&#xE9;e</subfield>
  </datafield>
  <datafield tag="942" ind1=" " ind2=" ">
    <subfield code="2">udc</subfield>
    <subfield code="c">MEM</subfield>
  </datafield>
  <datafield tag="952" ind1=" " ind2=" ">
    <subfield code="0">0</subfield>
    <subfield code="1">0</subfield>
    <subfield code="2">udc</subfield>
    <subfield code="4">0</subfield>
    <subfield code="7">1</subfield>
    <subfield code="9">67945</subfield>
    <subfield code="a">BC</subfield>
    <subfield code="b">BC</subfield>
    <subfield code="d">2020-09-17</subfield>
    <subfield code="e">Don de l'auteur</subfield>
    <subfield code="l">0</subfield>
    <subfield code="o">R.551.482.215.3 MAN.</subfield>
    <subfield code="p">5010000711481</subfield>
    <subfield code="r">2020-09-17</subfield>
    <subfield code="t">1</subfield>
    <subfield code="w">2020-09-17</subfield>
    <subfield code="y">MEM</subfield>
    <subfield code="i">237014</subfield>
  </datafield>
</record>
